ព្រះអង្គម្ចាស់ច័ន្ទភានុ / (Record no. 8980)
[ view plain ]
| 000 -LEADER | |
|---|---|
| fixed length control field | 01829nam a22003137a 4500 |
| 001 - CONTROL NUMBER | |
| control field | 8980 |
| 003 - CONTROL NUMBER IDENTIFIER | |
| control field | FISKH |
| 005 - DATE AND TIME OF LATEST TRANSACTION | |
| control field | 20251112134624.0 |
| 008 - FIXED-LENGTH DATA ELEMENTS--GENERAL INFORMATION | |
| fixed length control field | 251112b cb ||||| |||| 00| 0 eng d |
| 020 ## - INTERNATIONAL STANDARD BOOK NUMBER | |
| International Standard Book Number | 9789995054755 |
| 040 ## - CATALOGING SOURCE | |
| Original cataloging agency | FISKH |
| Language of cataloging | khr |
| Transcribing agency | FISKH |
| Modifying agency | FISKH |
| 050 ## - LIBRARY OF CONGRESS CALL NUMBER | |
| Classification number | PZ7 |
| 082 ## - DEWEY DECIMAL CLASSIFICATION NUMBER | |
| Classification number | 895.922 |
| 100 ## - MAIN ENTRY--PERSONAL NAME | |
| Personal name | Socheata, Houth |
| 245 ## - TITLE STATEMENT | |
| Title | ព្រះអង្គម្ចាស់ច័ន្ទភានុ / |
| Statement of responsibility, etc. | និពន្ធដោយ ហួត សុជាតា |
| 250 ## - EDITION STATEMENT | |
| Edition statement | បោះពុម្ពលើកទី២ |
| 260 ## - PUBLICATION, DISTRIBUTION, ETC. | |
| Place of publication, distribution, etc. | ភ្នំពេញ : |
| Name of publisher, distributor, etc. | Digital Advertising , |
| Date of publication, distribution, etc. | ២០១២ . |
| 300 ## - PHYSICAL DESCRIPTION | |
| Extent | 40 pages : |
| Other physical details | color illustrations ; |
| Dimensions | 25 cm . |
| 490 ## - SERIES STATEMENT | |
| Series statement | ខ្ញុំចង់អាន |
| 505 ## - FORMATTED CONTENTS NOTE | |
| Formatted contents note | P <br/> |
| 520 ## - SUMMARY, ETC. | |
| Summary, etc. | ព្រះអង្គម្ចាស់ច័ន្ទភានុមានចរិតក្រអីតក្រទម ។ ទ្រង់ចូលចិត្តបរបាញ់សត្វ ។ ដោយសារភាពឆ្មើងឆ្មៃរបស់ខ្លួន នាងធ្មប់ច្រមុះវែងបានធ្វើអោយនគររបស់ព្រះអង្គក្លាយជាថ្ម ហើយព្រះអង្គក៏បានបាត់បង់ការចងចាំផងដែរ ។ |
| 520 ## - SUMMARY, ETC. | |
| Summary, etc. | Prince Chandphanu had an arrogant and prideful character. He enjoyed hunting animals. Because of his arrogance, a long-nosed witch turned his kingdom into stone, and the prince also lost his memory. |
| 521 8# - TARGET AUDIENCE NOTE | |
| Target audience note | 660 <br/> |
| Source | Lexile estimate <br/> |
| 521 8# - TARGET AUDIENCE NOTE | |
| Target audience note | P <br/> |
| Source | Raz-Plus <br/> |
| 650 ## - SUBJECT ADDED ENTRY--TOPICAL TERM | |
| Topical term or geographic name entry element | ព្រះអង្គម្ចាស់ច័ន្ទភានុ |
| Form subdivision | រឿងនិទានកុមារ |
| 700 ## - ADDED ENTRY--PERSONAL NAME | |
| Personal name | Sophorn, Chan |
| Relator term | Illustrator |
| 942 ## - ADDED ENTRY ELEMENTS (KOHA) | |
| Source of classification or shelving scheme | Dewey Decimal Classification |
| Koha item type | Khmer Books |
| Suppress in OPAC | No |
| Withdrawn status | Lost status | Source of classification or shelving scheme | Damaged status | Not for loan | Collection | Home library | Current library | Shelving location | Date acquired | Total Checkouts | Full call number | Barcode | Date last seen | Copy number | Price effective from | Koha item type |
|---|---|---|---|---|---|---|---|---|---|---|---|---|---|---|---|---|
| Dewey Decimal Classification | Khmer Language Books / សៀវភៅភាសាខ្មែរ | Footprints International School Library Network Toul Tom Poung Campus | Footprints International School Library Network Toul Tom Poung Campus | TTP Primary Khmer Bookshelves | 11/12/2025 | SOC PZ7 895.922 | FISBK03710 | 11/12/2025 | 1 | 11/12/2025 | Khmer Books | |||||
| Dewey Decimal Classification | Khmer Language Books / សៀវភៅភាសាខ្មែរ | Footprints International School Library Network Toul Tom Poung Campus | Footprints International School Library Network Toul Tom Poung Campus | TTP Primary Khmer Bookshelves | 11/28/2025 | SOC PZ7 895.922 | 2025-4992 | 11/28/2025 | 2 | 11/28/2025 | Khmer Books |
